000 03148nam a22003257a 4500
001 TIGAL 0012
003 gtcocun
005 20250923183849.0
006 a||||gr|||| 00| 0
007 ta
008 250923b2018 gt ||||| m||| 00| 0 eng d
040 _agtcocun
_bSPA
_cgtcocun
_eRDA
041 _aSPA TIGAL 0012
084 _0TIGAL 0012
100 _aLópez Alonzo, Arleny Edelmira
_eAutor
245 _aINFORME FINAL DEL EJERCICIO PROFESIONAL SUPERVISADO, REALIZADO EN BIOTOPO UNIVERSITARIO PARA LA CONSERVACIÓN DEL QUETZAL MARIO DARY RIVERA Y EN EL CASERÍO CUMBRE DEL CARPINTERO, PURULHÁ, BAJA VERAPAZ/
_cArleny Edelmira López Alonzo.
_hImpreso
264 _aCobán, Alta Verapaz:
_bUniversidad de San Carlos de Guatemala, Centro Universitario del Norte, Carrera de Ingeniería en Gestión Ambiental Local
_c2018
300 _a97 p.:
_bIlustraciones, gráficas.
_c28 cm;
336 _2rdacontenido
_aTexto
_btxt
337 _2rdamedio
_aComputadora
_bn
338 _2rdasoporte
_aCódigo en línea
_bcr
502 _eTIGAL 0012
502 _aTesis de grado
_bCarrera de Ingeniería en Gestión Ambiental Local,
_cUniversidad de San Carlos de Guatemala, Centro Universitario del Norte, Carrera de Ingeniería en Gestión Ambiental Local
_d2018
_oTIGAL 0012
520 1 4 _aComo parte del proceso de aprendizaje se realizó el ejercicio profesional supervisado en la sede de Biotopo Universitario para la conservación del Quetzal “Mario Dary Rivera” ubicado en el municipio de Purulhá, Baja Verapaz. Se trabajó específicamente en el caserío Cumbre del Carpintero iniciando con el diagnóstico ambiental comunitario en donde se implementaron herramientas participativas como entrevistas, encuestas, mapas de recursos naturales, diálogos semi estructurados, lluvia de ideas y observación, para conocer la situación actual del caserío e identificar las debilidades y fortalezas del mismo. Al jerarquizar los problemas se generaron actividades como: análisis bacteriológico de las principales fuentes de agua acompañado de talleres sobre prácticas adecuadas para el tratamiento de agua para consumo, ligado al mejoramiento de las condiciones del tanque de captación del nacimiento de agua, talleres enfocados a padres de familia y a estudiantes del nivel primario sobre temas de conservación de recursos naturales en el caserío los cuales iban acompañados de actividades en donde se involucraba a todos los pobladores. A través del involucramiento comunitario se llevó a cabo la investigación inferencial concerniente a la estimación del contenido del carbono en la masa forestal del caserío Cumbre del Carpintero, donde se determinó los niveles de carbono que el bosque es capaz de almacenar.
650 1 4 _2LEMB
_aPurulhá, Baja Verapaz
_xIngeniería en Gestión Ambiental Local
_xPurulhá
_xDiagnóstico ambiental
_xCumbre del Carpintero
_xConservación de recursos naturales
_xCarbono
700 _aIng. Julio Oswaldo Méndez Morales
_eAsesor
856 _uSin archivo en línea
_zSin archivo en línea
942 _2ddc
_cTES
_iTIGAL 0012
_kClasificación
_n0
_6TIGAL_0012_000000000000000
999 _c2102
_d2102